Quizzes
Events
Quiz Creation
Community
Videos
Private Events
Remove Ads
Sign In
Join for FREE
Feedback
Dark Mode
Quiz Categories
Sports
Geography
Music
Movies
Television
Just For Fun
Miscellaneous
History
Literature
Language
Science
Gaming
Entertainment
Religion
Holiday
For Kids
Quiz Lab
Recent
Popular Today
Quiz Kudos Today
Editor Picks
Curator Picks
Quizzes by...
Day
Popularity
Type
Ratings
Length
Year
Community
Subscriptions
Recent Discussions
Orange Saloon
Badges
Playlists
Quests
Create
Leaderboards
Showdown
Live 5
Trivia Bingo
Activity
Puzzle Library
Sporcle Events
Private Events
Virtual Trivia
Globe League
Become a Host
Pub Owners
SporcleCon
Opinionation
Our Games
Videos
Blog
Mobile Apps
Partnerships
Remove Ads and Go Orange
Feedback
Science
Computer
Plants
Astronomy
Chemistry
Elements
Math
Animal
Physics
Anatomy
Biology
Geology
General Science
Science
Computer
Plants
Astronomy
Chemistry
Elements
Math
Animal
Physics
Anatomy
Biology
Geology
General Science
Random Quiz
Search Sporcle
×
Quiz Lab
Quiz Lab
Science
Astronomy
Type in answers that appear in a list
Type in answers that appear in a list
Classic
Best Score? Go Orange.
'W' In Astronomy Stats
Can you name the astronomical terms which all begin with W
By
TheChigs
10m
8 Questions
42 Plays
42 Plays
42 Plays
Comments
Comments
Give Quiz Kudos
Give Quiz Kudos
-
- Ratings
hide this ad
Replay
Link that replays current quiz
Next Quiz
Link to next quiz in quiz playlist
You Got
0%
They Got
Avg Score
53%
Avg Friend Score
Upgrade to see
Score Distribution
Jump to the score distribution portion of the page
Score
0/8
Timer
10:00
0
Plays Today
Hint
Answer
% Correct
When the phase of the Moon is decreasing from full to new
Waning
90.5%
A hypothetical hole or tunnel in the fabric of space-
time
Wormhole
88.1%
When the phase of the Moon is increasing from new to full
Waxing
85.7%
A small, dense star that is the end-
result of the evolution of all but the most massive stars
White dwarf
83.3%
Another name for Messier 51a, a spiral galaxy in the constellation Canes Venatici
Whirlpool Galaxy
38.1%
The trajectory followed by an object, e.g. a planet, in space-
time
World line
19%
The 6th-
magnitude open cluster M11 in Scutum, Visually it appears like a flight of ducks
Wild Duck Cluster
11.9%
A graph of star counts at various apparent magnitudes
Wolf diagram
9.5%
Quiz Playlist
Details
Report
Send in Message
Add To Playlist
Classic:
Type in answers that appear in a list
Quiz Source
Last Updated: Feb 10, 2018
Quiz Scoreboard
CHALLENGE
Sign Up to Join the Scoreboard
Show All
Scores
Hide
Comments
May contain spoilers
Recently Published
Movies - When Are They Set?
by FPL_Elf
Movies
5m
Popular People in 1961
by mucciniale
History
6m
1-10 Letter E Words III
by El_Dandy
Language
2m
More to Explore
Quiz From the Vault
Featured Blog Post
Where Did the Easter Bunny Come From?
hide this ad
You Might Also Like...
Tags
Astronomy Quiz
Term
Today's Top Quizzes in Science
Browse Science
hide this ad
Today's Top Quizzes in Astronomy
Browse Astronomy
Top Contributed Quizzes in Science
1
One Thing in Common: Science III
2
Quick Pick: 'CI-CJ' Animals
3
Quick Pick: Radians
4
One Thing in Common: Science
5
Sporcle Puzzle Hunt: Science
6
One Thing in Common: Science II
7
Elements In Images
8
Square Numbers Scrambled (1-50)
9
1 to 50
10
Glycolysis
Explore More
Trending Topics
Marvel
Harry Potter
Kpop
Crossword
Anime
Disney
NBA
The Office
NFL
WWE
Puzzle
Country
Song
Pokémon
Soccer
hide this ad
More By:
TheChigs
Quiz
Plays
Rating
Category
Featured
Created
Astronomer Name Match-Up
15,043
4.60
Science
Sep 1, 2016
'A' British slang
5,176
3.18
Language
Nov 29, 2016
Nobel Prize in Physics Matching
4,790
4.64
Science
Jul 5, 2016
'B' British slang
3,372
4.23
Language
Dec 1, 2016
8 out of 10 cats does countdown TEASERS
3,026
4.67
Television
Nov 9, 2016
Go to Creator's Profile
Score Distribution
Quiz Creator Spotlight
TheChigs
Follow
Send a Message
Quizzes Created
-
Created Quiz Play Count
-
More By This Creator
Popular Quizzes Today
1
Find the US States - No Outlines Minefield
2
Find the Countries of Europe - No Outlines Minefield
3
The Countries of the World
4
Popular People in 1961
5
1-10 Letter E Words III
6
US States
7
Find the US States
8
One Thing in Common: World Cities II
More Science Quizzes
Last Letters Minefield: Planets
Published
Trending Quizzes
Risky Map Clicking: Least Populous States A-Z
1-10 Letter F Words
1-10 Letter G Words
One Thing in Common: United Kingdom
Risky Map Clicking: Next State Alphabetically
Recently Updated
Leaping Animals
pecheneg
Reality TV Shows (A-Z)
bhenderson79
Rickey Henderson's Hall of Fame Teammates
pecheneg
Champions League XIs: Arsenal
pecheneg
Quick Pick: Celebrities in WWE's Hall of Fame
aduchscher
A-Z Keypad Blitz II
pecheneg
Multiple Oscar Actors
pecheneg
Mystery Phrase Blitz: Oscar 'Best Actors'
pecheneg
F. Scott Fitzgerald Novels
LTH
Pick 3 Villains
ddd62291
Trending Topics
Kpop
Disney
Anime
Crossword
NBA
Harry Potter
Marvel
Song
Country
NFL
Puzzle
WWE
Soccer
The Office
Pokémon
Your Account Isn't Verified!
In order to create a playlist on Sporcle, you need to verify the email address you used during registration. Go to your
Sporcle Settings
to finish the process.
Report this User
Report this user for behavior that violates our
Community Guidelines
.
Details:
Send Report
Go to the Sporcle.com Mobile Site →
Comments